Trapped in time /

Bibliographic Details
Main Author: Chew, Ruth
Format: Book
Language:English
Published: New York : Scholastic, [1986]
Series:Lucky star
Subjects:

MARC

Tag First Indicator Second Indicator Subfields
LEADER 00000cam a2200000 a 4500
001 in00000782896
005 20151017063213.0
008 860411s1986 nyua j 00011 eng d
020 |a 0590338137 :  |c $2.25 
035 |a (OCoLC)13420864 
035 |9 ADN1237AM 
040 |a VPL  |c VPL  |d m/c  |d TXA  |d UtOrBLW 
049 1 |a TXA1 [SCIF] 
090 |a PZ7.C429  |b Tra 1986 
092 |a Fiction 
100 1 |a Chew, Ruth. 
245 1 0 |a Trapped in time /  |c by Ruth Chew ; illustrations by the author. 
264 1 |a New York :  |b Scholastic,  |c [1986] 
264 4 |c ©1986 
300 |a 126 pages :  |b illustrations ;  |c 20 cm. 
336 |a text  |b txt  |2 rdacontent 
337 |a unmediated  |b n  |2 rdamedia 
338 |a volume  |b nc  |2 rdacarrier 
490 0 |a Lucky star 
650 1 |a Space and time  |x Fiction. 
650 1 |a Fantasy. 
999 |a MARS 
999 f f |s 5c567a5e-827b-3bf0-ac39-e954ff8302c6  |i beaad050-adbf-3062-8f27-0834a93f050b  |t 0 
952 f f |p noncirc  |a Texas A&M University  |b College Station  |c Cushing Memorial Library & Archives  |d Cushing: Science Fiction (Does not check out)  |t 0  |e PZ7.C429 Tra 1986  |h Library of Congress classification  |i unmediated -- volume 
998 f f |a PZ7.C429 Tra 1986  |t 0  |l Cushing: Science Fiction (Does not check out)